000 03685nam a22003617a 4500
003 OSt
005 20240731114921.0
007 cr ||||||a|c|a
008 240729s2021 mx ad||fom||| 001 0 spa d
040 _erda
100 1 _aCruz Salinas, Luis Armando
_9189299
245 1 3 _aLa familia Dermestidae, sus plagas de importancia económica en productos y subproductos nacionales y de importación /
_cpor Luis Armando Cruz Salinas; presidente Ma. del Carmen Sánchez Gálvez; secretario Dulce Azucena Hernández Zetina; vocal Hugo Enrique González García; suplente Dimas Mejía Sánchez; suplente Calixto Leopoldo Carrillo Fonseca
264 1 _aChapingo, México :
_bEl autor,
_c2021
300 _a1 recurso en línea (84 páginas):
_bilustraciones, gráficas, mapas
336 _2rdacontent
_atexto
_btxt
337 _2rdamedia
_acomputadora
_bc
338 _2rdacarrier
_arecurso en línea
_bcr
502 _bIAEPA
_cParasitología
_d2021
_gLIC
504 _aIncluye referencias bibliográficas: páginas 78-83
520 _aLa familia Dermestidae, posee organismos muy perjudiciales, los cuales ocasionan daños considerables, que van desde el 30% al 75% en productos y subproductos de interés agrícola, pecuario, industrial, entre otros; tan solo las larvas pueden ocasionar detrimentos que repercuten de forma grave en la economía de una nación, al generar pérdidas de cientos de millones de dólares cada año, están presentes en diversos productos y subproductos tanto de exportación como de importación y es difícil de controlar por presentar un estado de reposo (diapausa facultativa), la cual le permite mayor tolerancia a insecticidas, así como un ciclo de vida longevo (más de nueve meses sin alimento). Por lo que de llegar a presentarse en México, en donde se siembra aproximadamente 13 millones de hectáreas de hospederos de esta plaga, la economía y la soberanía agroalimentaria se verían mermadas; por lo anterior es necesario estar en continua actualización respecto a las técnicas de identificación de especies, así como su distribución geográfica. Para elaborar esta investigación se recurrió a los registros de especies de la familia Dermestidae identificados por el personal del laboratorio de Entomología y Acarología del Centro Nacional de Referencia Fitosanitaria durante el periodo 2016-2019. Realizando con esto, una caracterización geográfica de los especímenes interceptados en las Oficinas de Inspección de Sanidad Agropecuaria (OISA´s), así como de las encontradas en el Programa de Vigilancia epidemiológica Fitosanitaria (PVEF), incluyendo su hospedero; finalmente se elaboraron claves pictográficas y convencionales para la determinación de estado larval y adulto. Encontrando como resultado final la identificación de un nuevo registro para México del género Orphinus, siendo este el primer reporte de Orphinus fulvipes (Guérin-Méneville, 1838).
650 4 _aPlagas
_xIdentificación
_9126573
650 4 _aInsectos
_x Identificación Entomología económica
_9168146
650 4 _aInsectos
_xPatogenicidad
_9174947
650 4 _aInsectos polífagos
_xIdentificación
_9189310
650 4 _aPlagas exóticas
_9174127
700 1 _aSánchez Gálvez, Ma. del Carmen
_epresidente
_9164748
700 1 _aHernández Zetina, Dulce Azucena
_9189300
_esecretario
700 1 _aGonzález García, Hugo Enrique
_9130834
_evocal
700 1 _aMejía Sánchez, Dimas
_974288
_esuplente
700 0 _aCarrillo Fonseca, Calixto Leopoldo
_919482
_esuplente
856 _uhttp://10.13.5.2/tesis/tl/2021_PA_Cruz_Salinas_LuisArmando.pdf
_zDESCARGAR PDF
942 _2Clasificación Universidad Autónoma Chapingo
_cTD
999 _c220030
_d220030